|
|
|
|
| LEADER |
00000ckm a2200000 a 4500 |
| 001 |
vtls001331353 |
| 003 |
SK-MaSNL |
| 005 |
20260301114353.0 |
| 007 |
kf ou |
| 008 |
240409s1998 xo g 0k slo |
| 015 |
|
|
|a SNBG1998/04-02432
|
| 035 |
|
|
|a SNK000284233
|
| 035 |
|
|
|a urn:nbn:sk:snk-km002pmk
|
| 035 |
|
|
|a AC9B6347-18FE-4073-B56D-0961827D2C26
|
| 035 |
|
|
|a urn:nbn:sk:snk-kmtfqo
|
| 040 |
|
|
|a SNK
|b slo
|c SNK
|e AACR2
|
| 041 |
0 |
|
|a slo
|
| 044 |
|
|
|a xo
|c SK
|
| 080 |
|
|
|a 792.9
|2 1981
|
| 080 |
|
|
|a (084.5)792
|2 1981
|
| 245 |
0 |
0 |
|a Ondřej Sekora. Basta Fidli
|h grafika
|b hrá Bábkové divadlo na Rázcestí Banská Bystrica
|
| 246 |
1 |
0 |
|a Basta Fidli
|
| 260 |
|
|
|a Banská Bystrica
|b Bábkové divadlo na Rázcestí
|c 1998
|
| 300 |
|
|
|a 1 plagát
|c 30 x 21 cm
|
| 648 |
|
7 |
|a 1998
|2 SNKPH
|9 282348
|
| 650 |
0 |
7 |
|a bábkové hry
|2 SNKPH
|9 85271
|
| 650 |
0 |
7 |
|a divadlo pre deti
|2 SNKPH
|9 16986
|
| 651 |
|
7 |
|a Banská Bystrica (Slovensko)
|2 SNKPH
|9 22015
|
| 655 |
|
7 |
|a divadelné plagáty
|2 SNKPH
|9 70742
|
| 852 |
|
|
|a Slovenská národná knižnica
|
| 958 |
|
|
|a CP
|
| 958 |
|
|
|a GBN
|
| 958 |
|
|
|a OND
|
| 999 |
|
|
|c 718129
|d 720059
|
| 952 |
|
|
|t P60, <03>, [BOOK], {603}
|a SNK
|b SNK
|y PREZ
|7 0
|o snkLPB 1409
|i snkPL 8/98
|0 0
|1 0
|4 0
|d 1998-05-15
|l 0
|r 2005-01-02 00:00:00
|w 2026-02-23
|
| 952 |
|
|
|t P60, <04>, [BOOK], {604}
|a SNK
|b SNK
|y VYP
|7 0
|p 17A1162066
|o snkLPB 1409 D1
|i snkPL 9/98
|0 0
|1 0
|4 0
|d 1998-05-15
|f 1
|l 0
|r 2005-01-02 00:00:00
|w 2026-02-23
|